[Event "Brandenburg Seniors op 13th"]
[Site "Rowy"]
[Date "2004.06.28"]
[Round "7"]
[White "Satka, Martin"]
[Black "Zarow, Elzbieta"]
[Result "1-0"]
[WhiteElo "1367"]
[BlackElo "1078"]
[PlyCount "98"]
[EventDate "2004.06.21"]
[EventType "swiss"]
[EventRounds "9"]
[EventCountry "POL"]
[SourceTitle "EXT 2006"]
[Source "ChessBase"]
[SourceDate "2005.11.24"]
[SourceVersion "1"]
[SourceVersionDate "2005.11.24"]
[SourceQuality "1"]

1. b4 e5 2. a3 d6 3. Bb2 Nf6 4. c4 Bf5 5. d3 Nbd7 6. e4 Bg6 7. Be2 Be7 8. Nf3 Ng8 9. Nbd2 b6 10. Qc2 c5 11. b5 Bf6 12. 0-0 Bh5 13. Nd4 Bxe2 14. Nxe2 Nh6 15. f4 0-0 16. f5 Bg5 17. Nf3 Be3+ 18. Kh1 Ng4 19. Ng3 Bd4 20. Bxd4 cxd4 21. Qd2 Nc5 22. Rfb1 h6 23. h3 Ne3 24. Nf1 Qf6 25. Nxe3 dxe3 26. Qxe3 g5 27. g4 Kg7 28. Kg2 Rh8 29. Rd1 h5 30. Qxg5+ Qxg5 31. Nxg5 Kf6 32. Nf3 hxg4 33. hxg4 Ke7 34. Ra2 Rad8 35. Re2 f6 36. d4 Nd7 37. dxe5 Nxe5 38. Nxe5 dxe5 39. Red2 Rxd2+ 40. Rxd2 Rc8 41. Rc2 Rc5 42. Kf3 Kd6 43. Ke3 Kc7 44. Kd3 Kb7 45. Ke3 a6 46. a4 a5 47. Rd2 Rc7 48. Rd6 Kb8 49. Rxf6 Rh7 1-0

[Event "Brandenburg Seniors op 13th"]
[Site "Rowy"]
[Date "2004.06.23"]
[Round "3"]
[White "Meissner, Siegfried"]
[Black "Satka, Martin"]
[Result "1-0"]
[WhiteElo "1617"]
[BlackElo "1367"]
[PlyCount "73"]
[EventDate "2004.06.21"]
[EventType "swiss"]
[EventRounds "9"]
[EventCountry "POL"]
[SourceTitle "EXT 2006"]
[Source "ChessBase"]
[SourceDate "2005.11.24"]
[SourceVersion "1"]
[SourceVersionDate "2005.11.24"]
[SourceQuality "1"]

1. c4 Nf6 2. d4 g6 3. Nc3 c6 4. e4 d6 5. Nf3 Bg7 6. Be2 0-0 7. 0-0 Nbd7 8. h3 e5 9. d5 Qc7 10. Be3 Nh5 11. Rc1 a6 12. b4 Nhf6 13. Qd2 Re8 14. Bh6 Bh8 15. Nh4 Nf8 16. Kh1 Qd8 17. Nf3 Bd7 18. Rfe1 Qc8 19. Ng1 c5 20. bxc5 Qxc5 21. Be3 Qc7 22. Qb2 Bc8 23. Bb6 Qb8 24. c5 dxc5 25. Bxc5 N6d7 26. Ba3 Nf6 27. f3 N8d7 28. Bc4 Bg7 29. d6 Nf8 30. Nd5 Nxd5 31. Bxd5 Nd7 32. Rc7 Ra7 33. Qb3 Rf8 34. Rec1 b5 35. Bxf7+ Kh8 36. Bd5 Rxc7 37. dxc7 1-0

[Event "Brandenburg-ch Seniors 11th"]
[Site "Lindow"]
[Date "2003.09.26"]
[Round "6"]
[White "Schmidt, Roland"]
[Black "Satka, Martin"]
[Result "1/2-1/2"]
[WhiteElo "1625"]
[BlackElo "1282"]
[PlyCount "54"]
[EventDate "2003.09.??"]
[EventType "swiss"]
[EventRounds "7"]
[EventCountry "GER"]
[SourceTitle "EXT 2006"]
[Source "ChessBase"]
[SourceDate "2005.11.24"]
[SourceVersion "1"]
[SourceVersionDate "2005.11.24"]
[SourceQuality "1"]

1. d4 Nf6 2. c4 g6 3. Nc3 Bg7 4. e3 d6 5. f4 e6 6. Nf3 c6 7. Bd3 Nbd7 8. 0-0 0-0 9. Qc2 d5 10. c5 b5 11. a3 a5 12. Bd2 Re8 13. b4 a4 14. Nxb5 cxb5 15. Bxb5 Ba6 16. Bxa6 Rxa6 17. b5 Ra8 18. Rab1 Qc8 19. Rfc1 Ne4 20. Be1 Bf8 21. b6 Qa6 22. Ne5 Ndxc5 23. dxc5 Nxc5 24. Bb4 Nb3 25. Qc7 Bxb4 26. axb4 Nxc1 27. Rxc1 Qe2 1/2-1/2

[Event "Brandenburg Seniors op 12th"]
[Site "Rowy"]
[Date "2003.06.19"]
[Round "3"]
[White "Satka, Martin"]
[Black "Schult, Otto"]
[Result "1-0"]
[WhiteElo "1271"]
[BlackElo "1605"]
[PlyCount "43"]
[EventDate "2003.06.??"]
[EventType "swiss"]
[EventRounds "9"]
[EventCountry "POL"]
[SourceTitle "EXT 2006"]
[Source "ChessBase"]
[SourceDate "2005.11.24"]
[SourceVersion "1"]
[SourceVersionDate "2005.11.24"]
[SourceQuality "1"]

1. b4 e5 2. a3 Nf6 3. Bb2 d6 4. c4 Bf5 5. e3 Nbd7 6. d3 c5 7. e4 Bg4 8. Nf3 Be7 9. Be2 cxb4 10. axb4 Qb6 11. Bc3 0-0 12. 0-0 Bxf3 13. Bxf3 a6 14. Nd2 Qc7 15. Rc1 Rac8 16. Nb3 b6 17. Bd2 Nb8 18. d4 exd4 19. Nxd4 Nc6 20. Nxc6 Qxc6 21. e5 Qc7 22. exf6 1-0

[Event "Brandenburg Seniors op 12th"]
[Site "Rowy"]
[Date "2003.06.17"]
[Round "1"]
[White "Huth, Heinz"]
[Black "Satka, Martin"]
[Result "1-0"]
[WhiteElo "1725"]
[BlackElo "1271"]
[PlyCount "67"]
[EventDate "2003.06.??"]
[EventType "swiss"]
[EventRounds "9"]
[EventCountry "POL"]
[SourceTitle "EXT 2006"]
[Source "ChessBase"]
[SourceDate "2005.11.24"]
[SourceVersion "1"]
[SourceVersionDate "2005.11.24"]
[SourceQuality "1"]

1. d4 Nf6 2. c4 e5 3. dxe5 Ne4 4. Qd4 Nc5 5. Nf3 Nc6 6. Qd1 Be7 7. Nc3 Ne6 8. a3 d6 9. exd6 Bxd6 10. g3 b6 11. Bg2 Bb7 12. 0-0 0-0 13. Nb5 Be7 14. Qc2 a6 15. Rd1 Qe8 16. Nc3 Rd8 17. Be3 Bd6 18. Nd5 Ne7 19. Ng5 Ng6 20. Nxc7 Bxc7 21. Bxb7 a5 22. Bd5 Nxg5 23. Bxg5 Ne7 24. Rd2 Rd7 25. Rad1 Nxd5 26. Rxd5 Rxd5 27. Rxd5 Qc6 28. Qd3 f6 29. Be3 a4 30. b3 axb3 31. Qxb3 Qe6 32. Qd3 Qc6 33. Rd7 Ra8 34. Rxc7 1-0

[Event "Brandenburg Seniors op 11th"]
[Site "Rowy"]
[Date "2002.06.24"]
[Round "7"]
[White "Satka, Martin"]
[Black "Mueller, Guenter"]
[Result "0-1"]
[WhiteElo "1394"]
[BlackElo "1324"]
[PlyCount "99"]
[EventDate "2002.06.??"]
[EventType "swiss"]
[EventRounds "7"]
[EventCountry "POL"]
[SourceTitle "EXT 2006"]
[Source "ChessBase"]
[SourceDate "2005.11.24"]
[SourceVersion "1"]
[SourceVersionDate "2005.11.24"]
[SourceQuality "1"]

1. c4 e6 2. Nc3 c5 3. Nf3 a6 4. e4 Qc7 5. g3 Nc6 6. Bg2 h6 7. b3 Nd4 8. Bb2 Nxf3+ 9. Qxf3 Ne7 10. 0-0 Nc6 11. Ne2 e5 12. Bc3 d6 13. h3 Be6 14. d3 0-0-0 15. Qe3 Nd4 16. Qd2 Be7 17. Bxd4 exd4 18. f4 f5 19. Qe1 g5 20. Kf2 fxe4 21. dxe4 gxf4 22. Nxf4 Rdf8 23. Ke2 Bf7 24. h4 Qd7 25. Bh3 Bh5+ 26. Kd3 Bg4 27. Bg2 Rf6 28. Nd5 Rxf1 29. Nxe7+ Qxe7 30. Qxf1 Rf8 31. Qc1 Rf2 32. Bh1 Qf6 33. Qe1 Be2+ 34. Qxe2 Rxe2 35. Kxe2 Qe5 36. Rg1 b5 37. Kd3 b4 38. Bf3 Kc7 39. Bg4 Qf6 40. Bf5 h5 41. Rf1 Kb6 42. Rf3 Qh6 43. Kc2 a5 44. Rd3 Qg7 45. Kb2 a4 46. Kc2 axb3+ 47. Kxb3 Qa7 48. Kb2 Qa6 49. Be6 Kc7 50. a3 0-1

[Event "Brandenburg Seniors op 10th"]
[Site "Uckley"]
[Date "2001.09.27"]
[Round "5"]
[White "Hinkelmann, Dieter"]
[Black "Satka, Martin"]
[Result "0-1"]
[WhiteElo "1528"]
[BlackElo "1416"]
[PlyCount "61"]
[EventDate "2001.09.??"]
[EventType "swiss"]
[EventRounds "7"]
[EventCountry "GER"]
[SourceTitle "EXT 2006"]
[Source "ChessBase"]
[SourceDate "2005.11.24"]
[SourceVersion "1"]
[SourceVersionDate "2005.11.24"]
[SourceQuality "1"]

1. e4 g5 2. d4 Bg7 3. Nc3 h6 4. Be3 d6 5. Bd3 Nc6 6. Nge2 Bd7 7. Qd2 e6 8. 0-0-0 Qe7 9. h3 0-0-0 10. Bc4 Kb8 11. a3 Qe8 12. g4 Nge7 13. Ng3 Rh7 14. h4 f6 15. hxg5 fxg5 16. Nh5 Bh8 17. f4 gxf4 18. Nxf4 e5 19. dxe5 Bxg4 20. Rdg1 Nxe5 21. Qd4 c5 22. Qd2 Nxc4 23. Qf2 Nxe3 24. Qxe3 Bd7 25. Nfd5 Nxd5 26. Nxd5 Bd4 27. Qe1 Qh8 28. c3 Bxg1 29. Qxg1 Bc6 30. Qg6 Bxd5 31. exd5 0-1

[Event "Brandenburg Seniors op 10th"]
[Site "Uckley"]
[Date "2001.09.27"]
[Round "6"]
[White "Satka, Martin"]
[Black "Henniges, Erhard"]
[Result "0-1"]
[WhiteElo "1416"]
[BlackElo "1363"]
[PlyCount "136"]
[EventDate "2001.09.??"]
[EventType "swiss"]
[EventRounds "7"]
[EventCountry "GER"]
[SourceTitle "EXT 2006"]
[Source "ChessBase"]
[SourceDate "2005.11.24"]
[SourceVersion "1"]
[SourceVersionDate "2005.11.24"]
[SourceQuality "1"]

1. b4 e5 2. a3 Be7 3. Bb2 Bf6 4. b5 d5 5. e3 Nh6 6. Nc3 0-0 7. Nce2 c5 8. d3 Qa5+ 9. Bc3 Qxb5 10. d4 Re8 11. dxe5 Bxe5 12. Nd4 Qd7 13. Bb5 Nc6 14. Ngf3 cxd4 15. Nxe5 Rxe5 16. Bxd4 Rg5 17. g3 Qe6 18. Be2 Nxd4 19. Qxd4 Qe4 20. f3 Qxd4 21. exd4 Bh3 22. Bd3 Re8+ 23. Kf2 f5 24. Rhe1 Rxe1 25. Rxe1 Kf7 26. Re5 Rg6 27. Rxd5 Ke7 28. Bc4 Rd6 29. Re5+ Kd8 30. d5 a6 31. a4 g5 32. a5 Nf7 33. Re1 h5 34. Bb3 f4 35. c4 Rd7 36. gxf4 Re7 37. Rxe7 Kxe7 38. fxg5 Nxg5 39. Kg3 Bd7 40. Bc2 Nf7 41. f4 Kf6 42. Bd3 Ba4 43. Be2 Bb3 44. Bd3 Nd6 45. c5 Nf5+ 46. Bxf5 Kxf5 47. c6 bxc6 48. dxc6 Be6 49. c7 Kg6 50. Kf3 h4 51. Ke4 Kf6 52. Kf3 h3 53. Ke4 Bc8 54. Kf3 Bf5 55. Kg3 Ke7 56. Kh4 Kd6 57. Kg5 Bd7 58. f5 Kxc7 59. Kg6 Kd6 60. f6 Be6 61. f7 Bxf7+ 62. Kxf7 Ke5 63. Kg6 Kf4 64. Kh5 Kf3 65. Kh4 Kg2 66. Kg5 Kxh2 67. Kf4 Kg2 68. Kg5 h2 0-1

[Event "Brandenburg-ch Seniors 09th"]
[Site "Rowy"]
[Date "2001.05.18"]
[Round "1"]
[White "Satka, Martin"]
[Black "Augustat, Siegfried"]
[Result "0-1"]
[WhiteElo "1419"]
[BlackElo "1842"]
[PlyCount "112"]
[EventDate "2001.06.??"]
[EventType "swiss"]
[EventRounds "7"]
[EventCountry "POL"]
[SourceTitle "EXT 2006"]
[Source "ChessBase"]
[SourceDate "2005.11.24"]
[SourceVersion "1"]
[SourceVersionDate "2005.11.24"]
[SourceQuality "1"]

1. b4 c6 2. Bb2 a5 3. c3 d5 4. a4 e5 5. b5 Qb6 6. e3 Bd7 7. c4 f6 8. cxd5 cxb5 9. Qb3 b4 10. Bc4 Bd6 11. d4 e4 12. Nd2 f5 13. Be2 Nf6 14. Nc4 Qa6 15. Ne5 Qa7 16. Nxd7 Nbxd7 17. Bb5 0-0 18. Ne2 Nb6 19. Rc1 Kh8 20. Nf4 Bxf4 21. exf4 Nbxd5 22. Rc5 Rad8 23. 0-0 b6 24. Rc6 Qb8 25. Re6 Qxf4 26. Re5 Qg5 27. Qh3 Qg4 28. Qg3 Qxg3 29. fxg3 g6 30. h3 Rc8 31. Rf2 Rc7 32. Ba6 Ra7 33. Bc4 Ne3 34. Bb3 Rd7 35. Rb5 Rb8 36. d5 Kg7 37. g4 h6 38. Re2 f4 39. g3 g5 40. gxf4 gxf4 41. Kf2 Kg6 42. Be5 Nfxg4+ 43. hxg4 Nxg4+ 44. Ke1 Nxe5 45. Rxe4 Nd3+ 46. Kf1 Nc5 47. Re6+ Nxe6 48. dxe6 Re7 49. Bc2+ Kf6 50. Bf5 Rc8 51. Bg4 Rc1+ 52. Kg2 Ra1 53. Rxb6 Rxa4 54. Rb5 Rxe6 55. Bxe6 Kxe6 56. Rb6+ Kf5 0-1

[Event "Brandenburg Seniors op 09th"]
[Site "Uckley"]
[Date "2000.09.28"]
[Round "6"]
[White "Satka, Martin"]
[Black "Zelinski, Heinz"]
[Result "1-0"]
[WhiteElo "1398"]
[BlackElo "1230"]
[PlyCount "85"]
[EventDate "2000.09.25"]
[EventType "swiss"]
[EventRounds "7"]
[EventCountry "GER"]
[SourceTitle "EXT 2006"]
[Source "ChessBase"]
[SourceDate "2005.11.24"]
[SourceVersion "1"]
[SourceVersionDate "2005.11.24"]
[SourceQuality "1"]

1. b4 e5 2. a3 Be7 3. Bb2 Bf6 4. b5 a6 5. a4 axb5 6. axb5 Rxa1 7. Bxa1 e4 8. c3 d5 9. e3 Ne7 10. Ne2 Bd7 11. Na3 c5 12. bxc6 Nbxc6 13. Nb5 0-0 14. Ned4 Nf5 15. Be2 Bxd4 16. cxd4 Qg5 17. g3 Qe7 18. 0-0 Nb4 19. Qb3 Bxb5 20. Bxb5 Rc8 21. Bb2 Nc6 22. Qxd5 g6 23. Qb3 Qb4 24. Qxb4 Nxb4 25. Rc1 Rxc1+ 26. Bxc1 Nd6 27. Be2 Nd5 28. Ba3 Nf5 29. f3 Nf6 30. fxe4 Nxe4 31. Bb4 h5 32. Bf3 Nfd6 33. Bg2 f5 34. d3 Kf7 35. dxe4 Nxe4 36. Bxe4 fxe4 37. h4 Ke6 38. Kg2 Kd5 39. g4 Kc4 40. Bc5 b5 41. gxh5 gxh5 42. Kg3 b4 43. Kf4 1-0

[Event "Brandenburg Seniors op 09th"]
[Site "Uckley"]
[Date "2000.09.27"]
[Round "4"]
[White "Schmidt, Roland"]
[Black "Satka, Martin"]
[Result "1-0"]
[WhiteElo "1652"]
[BlackElo "1398"]
[PlyCount "89"]
[EventDate "2000.09.25"]
[EventType "swiss"]
[EventRounds "7"]
[EventCountry "GER"]
[SourceTitle "EXT 2006"]
[Source "ChessBase"]
[SourceDate "2005.11.24"]
[SourceVersion "1"]
[SourceVersionDate "2005.11.24"]
[SourceQuality "1"]

1. d4 Nf6 2. c4 e5 3. e3 exd4 4. exd4 Bb4+ 5. Bd2 Bxd2+ 6. Nxd2 0-0 7. Bd3 Qe7+ 8. Ne2 b6 9. 0-0 d6 10. h3 Nbd7 11. Re1 Qd8 12. Qc2 Bb7 13. Ng3 g6 14. Re3 c6 15. Rae1 b5 16. b3 Qb6 17. Nf3 Rac8 18. Qe2 a6 19. Ne4 Nxe4 20. Bxe4 d5 21. Bd3 c5 22. dxc5 Nxc5 23. cxd5 Bxd5 24. b4 Ne6 25. g3 Qb7 26. Be4 Bxe4 27. Rxe4 Rc4 28. a3 Rxe4 29. Qxe4 Qxe4 30. Rxe4 Rc8 31. Re3 h6 32. Kg2 Rd8 33. Rc3 Rd6 34. Ne5 Kg7 35. Rc6 Rxc6 36. Nxc6 Kf8 37. h4 f6 38. Kf3 Ke8 39. Ke4 Kd7 40. Nb8+ Kc7 41. Nxa6+ Kb7 42. Kd5 Nd8 43. Nc5+ Kc7 44. Ne6+ Nxe6 45. Kxe6 1-0

[Event "Brandenburg Seniors op 09th"]
[Site "Uckley"]
[Date "2000.09.25"]
[Round "1"]
[White "Wolf, Alfred"]
[Black "Satka, Martin"]
[Result "1-0"]
[WhiteElo "1762"]
[BlackElo "1398"]
[PlyCount "87"]
[EventDate "2000.09.25"]
[EventType "swiss"]
[EventRounds "7"]
[EventCountry "GER"]
[SourceTitle "EXT 2006"]
[Source "ChessBase"]
[SourceDate "2005.11.24"]
[SourceVersion "1"]
[SourceVersionDate "2005.11.24"]
[SourceQuality "1"]

1. f4 e5 2. fxe5 d6 3. exd6 Bxd6 4. Nf3 b6 5. g3 Bb7 6. Bg2 Nd7 7. d4 Ngf6 8. 0-0 Qe7 9. c4 h6 10. Nc3 a6 11. Qd3 g5 12. Qf5 Nh5 13. Nd5 Qe6 14. Qxe6+ fxe6 15. Ne3 0-0-0 16. Ng4 Rdf8 17. Bd2 Ng7 18. Nge5 Nxe5 19. Nxe5 Bxg2 20. Kxg2 Bxe5 21. dxe5 Nf5 22. e4 Nd4 23. Rf6 Rxf6 24. exf6 Rf8 25. e5 Nc6 26. Bc3 b5 27. cxb5 axb5 28. a3 Kb7 29. Rd1 Rf7 30. Kf3 Kc8 31. Kg4 Nd8 32. Kh5 c5 33. Kxh6 Nc6 34. b4 cxb4 35. axb4 g4 36. Kg5 Rh7 37. Rd2 Nd8 38. Kxg4 Nf7 39. Kf4 Rh3 40. Kg4 Rh6 41. h4 Rg6+ 42. Kf3 Kc7 43. g4 Kc6 44. g5 1-0

[Event "Brandenburg-ch Seniors 08th"]
[Site "Uckley"]
[Date "2000.08.16"]
[Round "1"]
[White "Satka, Martin"]
[Black "Didzuhn, Werner"]
[Result "0-1"]
[WhiteElo "1362"]
[BlackElo "1798"]
[PlyCount "78"]
[EventDate "2000.06.16"]
[EventType "swiss"]
[EventRounds "7"]
[EventCountry "GER"]
[SourceTitle "EXT 2006"]
[Source "ChessBase"]
[SourceDate "2005.11.24"]
[SourceVersion "1"]
[SourceVersionDate "2005.11.24"]
[SourceQuality "1"]

1. b4 e5 2. a3 d5 3. Bb2 Bd6 4. e3 Nf6 5. b5 0-0 6. Be2 c5 7. d3 Re8 8. a4 Nbd7 9. g3 Nf8 10. Nd2 b6 11. c3 Bb7 12. Bf3 Qc7 13. Ne2 Rad8 14. Qc2 Qb8 15. g4 d4 16. e4 h6 17. c4 Bc8 18. h3 N8h7 19. Bg2 Be6 20. Bc1 Qc8 21. f3 Be7 22. Nf1 Nd7 23. Bd2 Bh4+ 24. Neg3 Ndf8 25. 0-0-0 Ng6 26. Ne2 Be7 27. Nfg3 Bh4 28. Rdg1 a6 29. Rh2 axb5 30. axb5 Qa8 31. Kb2 Qb7 32. Bh1 Ng5 33. Rf1 Ra8 34. f4 exf4 35. e5 f3 36. Bxg5 Bxg5 37. Ne4 Qa7 38. Nxg5 Qa3+ 39. Kb1 Qa1# 0-1

[Event "Brandenburg-ch Seniors 08th"]
[Site "Uckley"]
[Date "2000.06.19"]
[Round "4"]
[White "Schmidt, Roland"]
[Black "Satka, Martin"]
[Result "1-0"]
[WhiteElo "1659"]
[BlackElo "1362"]
[PlyCount "89"]
[EventDate "2000.06.16"]
[EventType "swiss"]
[EventRounds "7"]
[EventCountry "GER"]
[SourceTitle "EXT 2006"]
[Source "ChessBase"]
[SourceDate "2005.11.24"]
[SourceVersion "1"]
[SourceVersionDate "2005.11.24"]
[SourceQuality "1"]

1. d4 Nf6 2. c4 e5 3. d5 Bc5 4. e3 0-0 5. a3 a5 6. Nc3 c6 7. Na4 Be7 8. d6 Re8 9. dxe7 Qxe7 10. Bd3 e4 11. Bc2 b5 12. Nb6 Ra7 13. Nxc8 Rxc8 14. Bb3 a4 15. Ba2 bxc4 16. Bxc4 d5 17. Be2 Rd8 18. Nh3 c5 19. 0-0 d4 20. exd4 cxd4 21. Bc4 Qc5 22. Ba2 Nc6 23. Bg5 Rd6 24. Bxf6 Rxf6 25. Qe2 Re7 26. Qc4 Qxc4 27. Bxc4 Re5 28. Rac1 Na5 29. Bb5 g6 30. Bxa4 Nb7 31. Rc6 Rxc6 32. Bxc6 Na5 33. Ba4 Nc4 34. f4 Ra5 35. Bc6 e3 36. Bf3 Nxb2 37. Re1 Rxa3 38. g3 Rd3 39. Ng5 f5 40. Ne6 h6 41. Bd5 Kh7 42. Bf3 Nc4 43. Be2 Nd2 44. Bxd3 Nf3+ 45. Kf1 1-0

[Event "Brandenburg-ch Seniors 08th"]
[Site "Uckley"]
[Date "2000.06.17"]
[Round "2"]
[White "Heinrich, Klaus1111"]
[Black "Satka, Martin"]
[Result "1-0"]
[WhiteElo "1633"]
[BlackElo "1362"]
[PlyCount "89"]
[EventDate "2000.06.16"]
[EventType "swiss"]
[EventRounds "7"]
[EventCountry "GER"]
[SourceTitle "EXT 2006"]
[Source "ChessBase"]
[SourceDate "2005.11.24"]
[SourceVersion "1"]
[SourceVersionDate "2005.11.24"]
[SourceQuality "1"]

1. d4 Nf6 2. c4 e5 3. dxe5 Ne4 4. a3 Nc6 5. Nf3 d6 6. h3 Be7 7. Qc2 Bf5 8. Qa4 0-0 9. Bf4 f6 10. exd6 Bxd6 11. Bxd6 Qxd6 12. e3 Nc5 13. Qd1 Qxd1+ 14. Kxd1 Rad8+ 15. Nbd2 Nd3 16. Bxd3 Bxd3 17. b3 Na5 18. Kc1 Rd7 19. Kb2 Rfd8 20. Rhe1 Nxc4+ 21. bxc4 c5 22. e4 g5 23. Re3 b5 24. Kb3 h5 25. g4 hxg4 26. hxg4 a5 27. cxb5 Bxb5 28. Nc4 Rd1 29. Rxd1 Rxd1 30. Nfd2 Rc1 31. Kb2 Rxc4 32. Nxc4 Bxc4 33. e5 Kf7 34. Rf3 Ke6 35. Rxf6+ Kxe5 36. Rf5+ Kd4 37. Rxg5 a4 38. Rg7 Bb3 39. Rd7+ Ke4 40. Rc7 Kf4 41. Rxc5 Kxg4 42. Rc3 Be6 43. Re3 Bd5 44. Kc3 Kf4 45. Kb4 1-0

[Event "Brandenburg-ch Seniors 07th"]
[Site "Uckley"]
[Date "1999.??.??"]
[Round "1"]
[White "Augustat, Siegfried"]
[Black "Satka, Martin"]
[Result "1/2-1/2"]
[WhiteElo "1774"]
[BlackElo "1448"]
[PlyCount "60"]
[EventDate "1999.06.??"]
[EventType "swiss"]
[EventRounds "7"]
[EventCountry "GER"]
[SourceTitle "EXT 2006"]
[Source "ChessBase"]
[SourceDate "2005.11.24"]
[SourceVersion "1"]
[SourceVersionDate "2005.11.24"]
[SourceQuality "1"]

1. e4 g5 2. h4 e6 3. hxg5 Qxg5 4. Nf3 Qe7 5. d4 h6 6. c3 d6 7. Bg5 f6 8. Bh4 Bd7 9. e5 Bg7 10. Bd3 Qf7 11. exd6 cxd6 12. Bg3 Bf8 13. Nh4 f5 14. Qe2 Nc6 15. Bxf5 0-0-0 16. Bg6 Qg7 17. Nd2 e5 18. d5 Nce7 19. Qc4+ Kb8 20. Be4 Nf6 21. Bf3 Rc8 22. Qd3 Qg5 23. c4 Nf5 24. Nxf5 Bxf5 25. Qe2 Bg7 26. Ne4 Nxe4 27. Bxe4 Bg4 28. Qd3 Qe7 29. b3 Rcf8 30. f3 Bf5 1/2-1/2